Eye of The Tiger lyrics - Statistics

General Stats
  • This quiz has been taken 73 times
  • The average score is 197 of 263
Answer Stats
Answer % Correct
the
100%
The
100%
of
98%
a
96%
eye
96%
tiger,
96%
tiger.
96%
to
96%
up,
96%
up
96%
it
94%
Rising
94%
and
90%
And
90%
It's
88%
it's
88%
on
88%
my
87%
fight
85%
fight.
85%
street.
83%
street
83%
back
81%
Just
79%
just
79%
his
77%
time,
77%
too
77%
chances.
75%
rival.
75%
survive.
75%
Took
75%
took
75%
will
75%
our
73%
thrill
73%
man
71%
challenge
69%
glory.
69%
feet.
67%
in
67%
last
67%
for
65%
survivor
63%
So
62%
You
62%
you
62%
known
60%
we
60%
distance,
56%
night.
56%
your
56%
fast.
54%
I'm
54%
many
54%
happens
52%
times,
52%
with
52%
he's
50%
now
50%
watching
50%
all
48%
Don't
48%
passion
48%
us
48%
keep
46%
them
46%
alive.
42%
Went
42%
prey
40%
lose
37%
must
37%
grip
35%
past,
35%
stalks
35%
dreams
33%
Face
33%
face,
33%
got
31%
top.
29%
take
27%
hungry.
25%
not
25%
out
25%
change
23%
straight
23%
gonna
19%
guts,
19%
heat.
19%
stop.
19%
Had
17%
staying
17%
They
17%
skill
15%
tough,
15%
Hanging
13%
kill
13%
'til
12%
odds
8%
stack
6%
No matching quizzes found
Score Distribution
Percent of People with Each Score
Percentile by Number Answered
Your Score History
You have not taken this quiz